00684nam a2200229 a 450000100060000000300080000600500170001400800410003102000210007202000230009303500190011604000320013504100080016708200240017510000200019924500860021926000320030530000250033750400510036265000250041365000160043834924BD-RjUL20211209052231.0140520s1995 enk b 001 0 eng d a1853832790 (hbk) a1853832332 (pbk) : a(BD-RjUL)35018 aBNBbengcBNBdBNBdBD-RjUL aeng00a304.6220bSTP 19951 aStein, Dorothy.10aPeople who count :bpopulation and politics, women and children /cDorothy Stein. aLondon :bEarthscan,c1995. aix, 238 p. ;c24 cm. aIncludes bibliographical references and index. 0aPopulation research. 0aPopulation.